[Event "South Island Championship 2009"]
[Site "Dunedin"]
[Date "2009.07.13"]
[Round "5.4"]
[White "Bennett, Hilton P"]
[Black "Keeling, Roy L"]
[Result "1-0"]
[WhiteElo "1997"]
[BlackElo "1453"]
[PlyCount "91"]
[EventDate "2009.??.??"]
[EventType "swiss"]
[EventRounds "8"]
[EventCountry "NZL"]

1. e4 e6 2. d3 d5 3. Qe2 dxe4 4. dxe4 Be7 5. Nf3 c6 6. Nc3 Nd7 7. Bd2 Ngf6 8.
O-O-O Qc7 9. Nd4 b5 10. f4 Nc5 11. e5 b4 12. Ncb5 cxb5 13. Nxb5 Qa5 14. Qc4 Nd5
15. f5 Ba6 16. f6 gxf6 17. exf6 Bxb5 18. Qxb5+ Qxb5 19. Bxb5+ Nd7 20. fxe7 Kxe7
21. Bxb4+ Nxb4 22. Rxd7+ Kf6 23. Rf1+ Ke5 24. a3 Nd5 25. Rdxf7 Rab8 26. Re1+
Kd4 27. Bd3 h5 28. Rxe6 Rbe8 29. Rxe8 Rxe8 30. Kd2 a5 31. c3+ Ke5 32. Rf5+ Kd6
33. Rxh5 a4 34. Rh4 Rf8 35. Re4 Rb8 36. Kc2 Rf8 37. h4 Rf2+ 38. Re2 Ne3+ 39.
Kd2 Nf1+ 40. Ke1 Rf8 41. Rf2 Rxf2 42. Kxf2 Nd2 43. h5 Ke7 44. h6 Kf7 45. Ke2
Nb3 46. Bc4+ 1-0

[Event "South Island Championship 2009"]
[Site "Dunedin"]
[Date "2009.07.13"]
[Round "5.5"]
[White "Nijman, Arie J"]
[Black "Aimers, Geoffrey"]
[Result "1/2-1/2"]
[WhiteElo "1734"]
[BlackElo "1815"]
[PlyCount "76"]
[EventDate "2009.??.??"]
[EventType "swiss"]
[EventRounds "8"]
[EventCountry "NZL"]

1. e4 e5 2. Nf3 Nc6 3. d4 exd4 4. Bc4 Bb4+ 5. c3 dxc3 6. O-O Nge7 7. Qb3 f6 8.
Nxc3 Bc5 9. Bf7+ Kf8 10. Bh5 Ng6 11. Nd5 d6 12. Bd2 Nce5 13. Nxe5 Nxe5 14. Kh1
c6 15. Ne3 Qb6 16. Qc2 g6 17. Be2 h5 18. Nc4 Nxc4 19. Bxc4 h4 20. e5 Bf5 21.
Bd3 Bxd3 22. Qxd3 f5 23. exd6 Rd8 24. Bc3 Rxd6 25. Qe2 Bd4 26. Rfe1 Qd8 27.
Bxd4 Rxd4 28. Rad1 Rxd1 29. Rxd1 Qe7 30. Qd2 Kf7 31. Re1 Qc7 32. Qe3 Qd7 33.
Qxa7 Rd8 34. Qe3 Re8 35. Qxe8+ Qxe8 36. Rxe8 Kxe8 37. f4 Ke7 38. h3 Kd6 1/2-1/2

[Event "South Island Championship 2009"]
[Site "Dunedin"]
[Date "2009.07.13"]
[Round "5.6"]
[White "Hamilton, Andrew"]
[Black "Marko, Helmut P"]
[Result "1/2-1/2"]
[WhiteElo "1644"]
[BlackElo "1847"]
[PlyCount "113"]
[EventDate "2009.??.??"]
[EventType "swiss"]
[EventRounds "8"]
[EventCountry "NZL"]

1. a3 Nf6 2. Nf3 d5 3. e3 Nbd7 4. d4 e6 5. Bd2 Ne4 6. c4 c6 7. Nc3 f5 8. c5 Be7
9. Qc2 b6 10. cxb6 Nxb6 11. Nxe4 fxe4 12. Ne5 Bd7 13. Qd1 O-O 14. Ba6 c5 15.
dxc5 Bxc5 16. O-O Rf5 17. Bc3 Ba4 18. b3 Be8 19. a4 Bd6 20. f4 exf3 21. Nxf3
Bh5 22. Bd3 Bxf3 23. Rxf3 Rxf3 24. Qxf3 Qc7 25. Qh3 Bxh2+ 26. Qxh2 Qxc3 27.
Qxh7+ Kf8 28. Rf1+ Ke7 29. Qh4+ Kd6 30. Qg3+ Ke7 31. Bg6 Rf8 32. Qh4+ Rf6 33.
Rxf6 gxf6 34. Qh7+ Kd6 35. e4 Qxb3 36. exd5 Nxd5 37. Qxa7 Nc3 38. Qd4+ {(=)}
Nd5 39. Be4 Qe3+ 40. Qxe3 Nxe3 41. Bd3 Kc5 42. Bg6 Kb4 43. Be8 Nc4 44. Bf7 e5
45. Bxc4 Kxc4 46. Kf2 Kb4 47. g4 Kxa4 48. Ke3 Kb4 49. Ke4 Kc5 50. Kf5 Kd6 51.
Kxf6 e4 52. g5 e3 53. g6 e2 54. g7 e1=Q 55. g8=Q {(=)} Qf2+ 56. Kg7 Ke7 57. Kh8
1/2-1/2

[Event "South Island Championship 2009"]
[Site "Dunedin"]
[Date "2009.07.13"]
[Round "5.7"]
[White "Gold, Hamish R"]
[Black "Cooper, Nigel"]
[Result "1/2-1/2"]
[WhiteElo "1772"]
[BlackElo "1655"]
[PlyCount "108"]
[EventDate "2009.??.??"]
[EventType "swiss"]
[EventRounds "8"]
[EventCountry "NZL"]

1. d4 d5 2. Nf3 Nf6 3. e3 Bg4 4. c3 Nc6 5. Qb3 Na5 6. Qa4+ c6 7. Ne5 b5 8. Qc2
Qc7 9. a4 Nc4 10. Nxg4 Nxg4 11. e4 dxe4 12. Qxe4 Nf6 13. Qf3 Rc8 14. b3 Nd6 15.
Bf4 Qb6 16. a5 Qd8 17. Bd3 g6 18. O-O Bg7 19. Nd2 O-O 20. Qh3 Nd5 21. Bh6 Nxc3
22. Bxg7 Kxg7 23. Rfe1 Nd5 24. Qg3 Nb4 25. Qe5+ Kg8 26. Re3 Nxd3 27. Rxd3 Nb7
28. a6 Nd6 29. h4 Nf5 30. h5 Qd5 31. hxg6 hxg6 32. Qf4 Kg7 33. Re1 Rcd8 34. Nf3
f6 35. g4 e5 36. Nxe5 fxe5 37. Rxe5 Qd7 38. gxf5 Rxf5 39. Rxf5 Qxf5 40. Qc7+
Rd7 41. Qxc6 Qxd3 42. Qxd7+ Kh6 43. Qd5 Qd1+ 44. Kh2 Qg4 45. Qe5 Qh4+ 46. Kg2
Qg4+ 47. Kh1 Qf3+ 48. Kg1 Qg4+ 49. Kf1 Qd1+ 50. Kg2 Qg4+ 51. Kh1 Qf3+ 52. Kg1
Qg4+ 53. Kh2 Qh4+ 54. Kg2 Qg4+ 1/2-1/2

[Event "South Island Championship 2009"]
[Site "Dunedin"]
[Date "2009.07.13"]
[Round "5.8"]
[White "Brockway, Andrew"]
[Black "Rains, Timothy"]
[Result "1-0"]
[WhiteElo "1538"]
[BlackElo "1292"]
[PlyCount "83"]
[EventDate "2009.??.??"]
[EventType "swiss"]
[EventRounds "8"]
[EventCountry "NZL"]

1. e4 e5 2. Nf3 Nc6 3. Bb5 Nf6 4. O-O Nd4 5. Nxd4 exd4 6. Re1 c6 7. Bf1 Bc5 8.
d3 O-O 9. Bg5 Be7 10. Nd2 Re8 11. Nb3 c5 12. Bxf6 Bxf6 13. Nxc5 Qc7 14. Nb3 Be5
15. g3 Qb6 16. f4 Bc7 17. Qd2 a5 18. a4 Qd6 19. Bh3 b6 20. Re2 Bb7 21. Rf1 g6
22. f5 gxf5 23. Bxf5 h5 24. Qg5+ Kf8 25. Ref2 Re5 26. Qxh5 Qc6 27. Qf3 Qf6 28.
Bxd7 Qxf3 29. Rxf3 Re7 30. Bb5 Bd6 31. Nxd4 Bc5 32. c3 Rd8 33. Bc4 Rdd7 34. Kg2
Rxe4 35. Rxf7+ Ke8 36. dxe4 Bxe4+ 37. Kh3 Bxd4 38. Rxd7 Kxd7 39. cxd4 Bc2 40.
Bb5+ Kd6 41. Rf6+ Kc7 42. Rc6+ 1-0

[Event "South Island Championship 2009"]
[Site "Dunedin"]
[Date "2009.07.13"]
[Round "5.9"]
[White "Mulligan, Allan W"]
[Black "Roura, Federico"]
[Result "0-1"]
[WhiteElo "1653"]
[BlackElo "1640"]
[PlyCount "78"]
[EventDate "2009.??.??"]
[EventType "swiss"]
[EventRounds "8"]
[EventCountry "NZL"]

1. d4 Nf6 2. Nf3 g6 3. e3 Bg7 4. c4 O-O 5. Nc3 d6 6. Be2 Nbd7 7. O-O e5 8. dxe5
Nxe5 9. Nxe5 dxe5 10. e4 c6 11. Qc2 Be6 12. Be3 Qc7 13. h3 Rfd8 14. a3 Nd7 15.
b4 Nb6 16. c5 Nc4 17. Bxc4 Bxc4 18. Ne2 Bd3 19. Qa2 Bxe4 20. Nc3 Bf5 21. g4 Be6
22. Qb1 Qe7 23. Ne4 Bd5 24. Bg5 f6 25. Bh4 Bxe4 26. Qxe4 Rd4 27. Qe2 Qe6 28.
Rad1 Rad8 29. Rxd4 Rxd4 30. Rd1 Qd5 31. Rxd4 Qxd4 32. Qe3 Qxe3 33. fxe3 e4 34.
a4 Kf7 35. Be1 f5 36. b5 Ke6 37. b6 a6 38. Bg3 Bf8 39. Kf2 Bxc5 0-1

[Event "South Island Championship 2009"]
[Site "Dunedin"]
[Date "2009.07.13"]
[Round "5.10"]
[White "Scarf, Rex"]
[Black "Shierlaw, Hamish"]
[Result "1-0"]
[WhiteElo "1650"]
[BlackElo "1373"]
[PlyCount "75"]
[EventDate "2009.??.??"]
[EventType "swiss"]
[EventRounds "8"]
[EventCountry "NZL"]

1. e4 e5 2. Nc3 Nf6 3. Nf3 Nc6 4. Bc4 Be7 5. O-O O-O 6. d3 d6 7. Nd5 h6 8.
Nxf6+ Bxf6 9. Ne1 Qe7 10. c3 Be6 11. Bxe6 Qxe6 12. f4 exf4 13. Bxf4 Be5 14. Bd2
Qd7 15. Nf3 Bf6 16. Ne1 Qe7 17. Nf3 Rae8 18. Qc2 a6 19. Rae1 Qd7 20. h3 Qd8 21.
Qc1 Ne5 22. Nxe5 dxe5 23. Re3 Bg5 24. Rg3 Bxd2 25. Qxd2 Kh7 26. Qe2 Re6 27. Qg4
Rg6 28. Qf5 Qd6 29. Rxg6 Qxg6 30. Qxe5 Qb6+ 31. Kh2 Qxb2 32. Qxc7 Qxa2 33. Qxb7
f6 34. e5 Kg6 35. Rf3 Rf7 36. Qc6 Rf8 37. e6 Rg8 38. Qe4+ 1-0

[Event "South Island Championship 2009"]
[Site "Dunedin"]
[Date "2009.07.13"]
[Round "5.11"]
[White "Hamilton, Paul"]
[Black "Rains, Edward"]
[Result "1-0"]
[WhiteElo "1606"]
[BlackElo "1312"]
[PlyCount "65"]
[EventDate "2009.??.??"]
[EventType "swiss"]
[EventRounds "8"]
[EventCountry "NZL"]

1. e4 c5 2. Nf3 Nc6 3. c3 Nf6 4. d3 d6 5. Nbd2 e5 6. Nc4 b5 7. Ne3 a6 8. g3 Bb7
9. Bg2 d5 10. exd5 Nxd5 11. Nxd5 Qxd5 12. O-O Qd7 13. Re1 Bd6 14. d4 cxd4 15.
cxd4 Bb4 16. Nxe5 Qe7 17. Re2 Qc7 18. Nxc6+ Kf8 19. Nxb4 Bxg2 20. Kxg2 Qb7+ 21.
d5 h6 22. Nc6 g6 23. Qd4 Rh7 24. Re7 Qc8 25. Bf4 g5 26. Bd6 Kg8 27. Rc7 Qe8 28.
Ne7+ Kf8 29. Re1 Qb8 30. Nc6+ Kg8 31. Nxb8 Rxb8 32. Rxf7 Rxf7 33. Bxb8 1-0

[Event "South Island Championship 2009"]
[Site "Dunedin"]
[Date "2009.07.13"]
[Round "5.12"]
[White "Clarkson, Robert D"]
[Black "Gloistein, Bruce"]
[Result "0-1"]
[WhiteElo "1423"]
[BlackElo "1583"]
[PlyCount "130"]
[EventDate "2009.??.??"]
[EventType "swiss"]
[EventRounds "8"]
[EventCountry "NZL"]

1. d4 d5 2. Nf3 Nf6 3. e3 g6 4. Nbd2 Bg7 5. c3 Bf5 6. Be2 O-O 7. O-O c6 8. Nb3
Qc7 9. Bd3 Bg4 10. Nbd2 Re8 11. Re1 Ne4 12. Nxe4 dxe4 13. Bxe4 e5 14. h3 Bxf3
15. Bxf3 e4 16. Be2 Nd7 17. f4 Rad8 18. g3 Nf6 19. Kg2 a6 20. a4 c5 21. Bf1 c4
22. Qc2 Qc6 23. Kh2 Nd5 24. Bg2 Nf6 25. b3 cxb3 26. Qxb3 Rc8 27. Bd2 b5 28. Bf1
Rb8 29. axb5 axb5 30. Ra5 Qc7 31. Rxb5 Qa7 32. Rb1 Nd7 33. c4 Bxd4 34. exd4
Qxd4 35. Be3 Qd6 36. Rxb8 Rxb8 37. Qc2 Ra8 38. Qxe4 Ra2+ 39. Bg2 Nf6 40. Qd4
Qc6 41. Rb2 Rxb2 42. Qxb2 Qe6 43. Qd4 Qe7 44. g4 Nxg4+ 45. Kg1 Nxe3 46. Qe4 Qc5
47. Qe8+ Kg7 48. Qe5+ Qxe5 49. fxe5 Nxc4 50. e6 fxe6 51. Bf1 Ne5 52. Kf2 Kf6
53. Ke3 Nf7 54. Kf4 e5+ 55. Ke4 Nd6+ 56. Kd5 Nf5 57. Bd3 Ne3+ 58. Ke4 h6 59. h4
Nf5 60. h5 Ng3+ 61. Ke3 Nxh5 62. Kf3 Nf4 63. Be4 g5 64. Kg4 h5+ 65. Kg3 g4 {
and Black won after a few more moves} 0-1

[Event "South Island Championship 2009"]
[Site "Dunedin"]
[Date "2009.07.13"]
[Round "6.1"]
[White "Croad, Nicholas"]
[Black "Fraemohs, Peter"]
[Result "1-0"]
[WhiteElo "2328"]
[BlackElo "1853"]
[PlyCount "47"]
[EventDate "2009.??.??"]
[EventType "swiss"]
[EventRounds "8"]
[EventCountry "NZL"]

1. d4 d5 2. c4 Nc6 3. Nf3 Bg4 4. cxd5 Bxf3 5. gxf3 Qxd5 6. e3 e6 7. Nc3 Bb4 8.
Rg1 g6 9. f4 Nge7 10. Bd2 Bxc3 11. bxc3 O-O 12. Qe2 Qd6 13. h4 Qa3 14. Qb5 a5
15. h5 Kg7 16. Qd3 a4 17. Bc1 Qd6 18. c4 b6 19. Rb1 Ra5 20. Ba3 Qd8 21. Be2 f5
22. Qc3 Kg8 23. d5 exd5 24. cxd5 1-0

[Event "South Island Championship 2009"]
[Site "Dunedin"]
[Date "2009.07.13"]
[Round "6.2"]
[White "Jackson, L Ross"]
[Black "Bennett, Hilton P"]
[Result "0-1"]
[WhiteElo "1868"]
[BlackElo "1997"]
[PlyCount "108"]
[EventDate "2009.??.??"]
[EventType "swiss"]
[EventRounds "8"]
[EventCountry "NZL"]

1. Nf3 Nf6 2. c4 g6 3. d4 Bg7 4. Nc3 O-O 5. e4 d6 6. h3 e5 7. d5 Na6 8. Be2 Nc5
9. Nd2 a5 10. O-O Ne8 11. Nb3 Nxb3 12. axb3 f5 13. b4 b6 14. bxa5 bxa5 15. exf5
gxf5 16. f4 e4 17. Be3 Bd7 18. Ra2 Qb8 19. Qa1 Qb4 20. Rd1 Nf6 21. Bd4 Ne8 22.
Bxg7 Nxg7 23. Nb5 Bxb5 24. cxb5 Qc5+ 25. Kh2 Qe3 26. b4 Qxf4+ 27. Kh1 a4 28.
Rxa4 Rxa4 29. Qxa4 Qf2 30. Qa2 Nh5 31. Bc4 Ng3+ 32. Kh2 Qf4 33. Kg1 e3 34. Rb1
e2 35. Re1 Qe3+ 36. Kh2 Nf1+ 37. Rxf1 exf1=N+ 38. Bxf1 f4 39. Be2 Qg3+ 40. Kh1
Qe1+ 41. Kh2 Re8 42. Bc4 Qg3+ 43. Kg1 Re1+ 44. Bf1 Qe3+ 45. Qf2 Rb1 46. g3
Qxg3+ 47. Qxg3+ fxg3 48. Kg2 h5 49. h4 Kg7 50. b6 cxb6 51. Ba6 Rxb4 52. Kxg3
Rg4+ 53. Kh3 Rd4 54. Bb7 b5 0-1

[Event "South Island Championship 2009"]
[Site "Dunedin"]
[Date "2009.07.13"]
[Round "6.3"]
[White "Aimers, Geoffrey"]
[Black "Siripornpitak, Boyd"]
[Result "1/2-1/2"]
[WhiteElo "1815"]
[BlackElo "1653"]
[PlyCount "86"]
[EventDate "2009.??.??"]
[EventType "swiss"]
[EventRounds "8"]
[EventCountry "NZL"]

1. e4 c5 2. Nf3 e6 3. d4 cxd4 4. Nxd4 Nc6 5. Nb5 d6 6. c4 Nf6 7. N5c3 Be7 8.
Be3 a6 9. Be2 Qc7 10. O-O Ne5 11. Nd2 b6 12. Rc1 Bb7 13. Kh1 O-O 14. f4 Ned7
15. f5 Ne5 16. Bf4 Rfd8 17. h3 Bc6 18. fxe6 fxe6 19. Nd5 Qb7 20. Nxf6+ Bxf6 21.
Bg4 Re8 22. Bxe5 Bxe5 23. Qf3 d5 24. Bxe6+ Rxe6 25. cxd5 Bxd5 26. exd5 Rg6 27.
Qf5 Bxb2 28. Rb1 Ba3 29. Nc4 Bc5 30. Rbd1 Re8 31. Ne5 Rf6 32. Qd7 Rxf1+ 33.
Rxf1 Qxd7 34. Nxd7 Bd4 35. Rd1 Rd8 36. Rxd4 Rxd7 37. Kg1 Kf7 38. Kf2 Kf6 39.
Ke3 Ke5 40. Rh4 h6 41. Rh5+ Kf6 42. Kd4 Ke7 43. Re5+ Kd8 1/2-1/2

[Event "South Island Championship 2009"]
[Site "Dunedin"]
[Date "2009.07.13"]
[Round "6.4"]
[White "Marko, Helmut P"]
[Black "Dolejs, Dan"]
[Result "1-0"]
[WhiteElo "1847"]
[BlackElo "1693"]
[PlyCount "105"]
[EventDate "2009.??.??"]
[EventType "swiss"]
[EventRounds "8"]
[EventCountry "NZL"]

1. e4 d5 2. exd5 Nf6 3. d4 Nxd5 4. c4 Nb6 5. Nc3 Bf5 6. Nf3 Nc6 7. a3 e6 8. Be2
Be7 9. Be3 O-O 10. O-O Bf6 11. b4 Ne7 12. Rc1 c6 13. Qd2 Bg4 14. Ne4 Nf5 15.
Nxf6+ gxf6 16. h3 Bh5 17. g4 Nxe3 18. Qxe3 Bg6 19. h4 h5 20. g5 Qe7 21. Rfe1
Nd7 22. Bd3 f5 23. Rc3 Qd6 24. Ne5 Rae8 25. f4 Qc7 {(=)} 26. Be2 Kh7 27. Qf3
Qd6 28. Rd1 Qe7 29. c5 Rd8 30. a4 Rb8 31. a5 a6 32. Nc4 f6 33. Re3 fxg5 34.
hxg5 Kg7 35. Kg2 Rh8 36. d5 cxd5 37. Rxd5 h4 38. Qh3 Rbd8 39. Rd6 Nf8 40. Red3
Rxd6 41. cxd6 Qd8 42. d7 Rh7 43. Ne5 Kg8 44. Qe3 Bh5 45. Qb6 h3+ 46. Kh2 Qxb6
47. axb6 Nxd7 48. g6 Bxg6 49. Rxd7 Rxd7 50. Nxd7 Be8 51. Nf6+ Kf7 52. Nxe8 Kxe8
53. Bxa6 1-0

[Event "South Island Championship 2009"]
[Site "Dunedin"]
[Date "2009.07.13"]
[Round "6.5"]
[White "Nijman, Arie J"]
[Black "Gold, Hamish R"]
[Result "0-1"]
[WhiteElo "1734"]
[BlackElo "1772"]
[PlyCount "68"]
[EventDate "2009.??.??"]
[EventType "swiss"]
[EventRounds "8"]
[EventCountry "NZL"]

1. e4 c5 2. c3 Nc6 3. d4 cxd4 4. cxd4 e6 5. Nf3 Nge7 6. Nc3 d5 7. e5 a6 8. Bd3
Ng6 9. O-O Be7 10. Ne2 Bd7 11. Be3 Rc8 12. Rc1 O-O 13. a3 Na5 14. Bd2 Nc4 15.
Bxc4 dxc4 16. Bc3 Bc6 17. Ne1 Qd5 18. f3 b5 19. Nc2 Bb7 20. Ne3 Qd7 21. Qd2
Rcd8 22. Rcd1 Qc6 23. Bb4 Rfe8 24. Bxe7 Rxe7 25. Qe1 Qb6 26. Qg3 Red7 27. h4
Ne7 28. Ng4 Kf8 29. h5 h6 30. Kh2 b4 31. axb4 Qxb4 32. Qf4 Nf5 33. Nf6 gxf6 34.
exf6 Qd6 0-1

[Event "South Island Championship 2009"]
[Site "Dunedin"]
[Date "2009.07.13"]
[Round "6.6"]
[White "Roura, Federico"]
[Black "Hothersall, Rik"]
[Result "0-1"]
[WhiteElo "1640"]
[BlackElo "1837"]
[PlyCount "84"]
[EventDate "2009.??.??"]
[EventType "swiss"]
[EventRounds "8"]
[EventCountry "NZL"]

1. d4 Nf6 2. c4 g6 3. Nc3 Bg7 4. e4 d6 5. Nf3 O-O 6. Be2 e5 7. d5 a5 8. O-O Na6
9. Ne1 Nc5 10. f3 Nh5 11. Nd3 b6 12. Nxc5 bxc5 13. f4 Nxf4 14. Bxf4 exf4 15.
Rxf4 Be5 16. Qd2 Qg5 17. g3 f5 18. Raf1 Bd7 19. Qc1 Bxf4 20. Qxf4 Qxf4 21. Rxf4
Rab8 22. Nb5 Bxb5 23. cxb5 Rbe8 24. Bd3 fxe4 25. Rxe4 Rxe4 26. Bxe4 Re8 27. Bd3
Re5 28. Kf2 Kg7 29. Bc4 Re4 30. b3 Kf6 31. Kf3 Rd4 32. h3 g5 33. Ke3 h6 34. a4
Ke5 35. g4 Rf4 36. Be2 Kxd5 37. h4 Ke5 38. hxg5 hxg5 39. Bf3 d5 40. Bd1 Rf1 41.
Ke2 Rxd1 42. Kxd1 Kf4 0-1

[Event "South Island Championship 2009"]
[Site "Dunedin"]
[Date "2009.07.13"]
[Round "6.7"]
[White "Cooper, Nigel"]
[Black "Brockway, Andrew"]
[Result "0-1"]
[WhiteElo "1655"]
[BlackElo "1538"]
[PlyCount "94"]
[EventDate "2009.??.??"]
[EventType "swiss"]
[EventRounds "8"]
[EventCountry "NZL"]

1. e4 c5 2. Nf3 g6 3. d4 cxd4 4. Nxd4 Nc6 5. Nxc6 dxc6 6. Qxd8+ Kxd8 7. Nc3 Bg7
8. Bc4 e6 9. Bg5+ Bf6 10. O-O-O+ Ke7 11. Bf4 e5 12. Be3 Ke8 13. Rd3 Be7 14.
Rhd1 Nf6 15. Bc5 b6 16. Bxe7 Kxe7 17. f3 Bd7 18. g4 Rhd8 19. g5 Nh5 20. Bxf7
Nf4 21. Rd6 Be8 22. Rxd8 Rxd8 23. Rxd8 Kxd8 24. Bxe8 Kxe8 25. Kd2 Ke7 26. Ne2
Nh3 27. Ke3 Nxg5 28. f4 exf4+ 29. Kxf4 Ne6+ 30. Ke5 Ng5 31. Nd4 Kd7 32. b4 c5
33. bxc5 bxc5 34. Kf4 Nh3+ 35. Kg3 Ng5 36. Kf4 Nh3+ 37. Kg4 cxd4 38. Kxh3 Kd6
39. Kg3 Ke5 40. Kf3 g5 41. h3 h5 42. a3 a6 43. a4 a5 44. c4 dxc3 45. Ke3 c2 46.
Kd2 Kxe4 47. Kxc2 Kf3 0-1

[Event "South Island Championship 2009"]
[Site "Dunedin"]
[Date "2009.07.13"]
[Round "6.8"]
[White "Keeling, Roy L"]
[Black "Hamilton, Andrew"]
[Result "1-0"]
[WhiteElo "1453"]
[BlackElo "1644"]
[PlyCount "77"]
[EventDate "2009.??.??"]
[EventType "swiss"]
[EventRounds "8"]
[EventCountry "NZL"]

1. d4 d6 2. Nf3 Bd7 3. c4 Qc8 4. Nbd2 Nf6 5. e3 Ng4 6. h3 Nh6 7. Bd3 Na6 8. a3
c5 9. d5 Nc7 10. b3 b6 11. Bb2 Qb7 12. Ng5 f5 13. Qh5+ g6 14. Qf3 Rg8 15. Nxh7
O-O-O 16. Nxf8 Rdxf8 17. O-O-O b5 18. Kc2 e5 19. dxe6 Bc6 20. Qf4 Bxg2 21. Rhg1
bxc4 22. Nxc4 g5 23. Qxd6 Bxh3 24. e7 Rf7 25. Qxh6 Qb6 26. Nxb6+ axb6 27. Qxh3
Rxe7 28. Bxf5+ Kb8 29. Rd7 Rxd7 30. Bxd7 Rf8 31. Be5 Rxf2+ 32. Kb1 Rf8 33. Qh6
Ka7 34. Bxc7 Rb8 35. Bxb8+ Kb7 36. Bh3 g4 37. Bxg4 c4 38. Bf3+ Ka6 39. Bc7 1-0

[Event "South Island Championship 2009"]
[Site "Dunedin"]
[Date "2009.07.13"]
[Round "6.9"]
[White "Rains, Timothy"]
[Black "Scarf, Rex"]
[Result "0-1"]
[WhiteElo "1292"]
[BlackElo "1650"]
[PlyCount "58"]
[EventDate "2009.??.??"]
[EventType "swiss"]
[EventRounds "8"]
[EventCountry "NZL"]

1. e4 e5 2. Nf3 Nc6 3. Bb5 d6 4. Nc3 Bd7 5. d3 h6 6. h3 Nf6 7. Be3 Be7 8. Bc4
Na5 9. Nd5 Nxc4 10. dxc4 Nxe4 11. Nxe7 Qxe7 12. Qd5 Bc6 13. Qd3 Nf6 14. O-O-O
e4 15. Qc3 exf3 16. Bd4 O-O-O 17. Rde1 fxg2 18. Rhg1 Qd7 19. Bxf6 gxf6 20. Qxf6
Rde8 21. f3 Rhg8 22. Rxe8+ Qxe8 23. Qxh6 Bxf3 24. Qf4 Bc6 25. h4 Qe4 26. Qxf7
Qe3+ 27. Kd1 Bf3+ 28. Qxf3 Qxf3+ 29. Ke1 Qe3+ 0-1

[Event "South Island Championship 2009"]
[Site "Dunedin"]
[Date "2009.07.13"]
[Round "6.10"]
[White "Gloistein, Bruce"]
[Black "Hamilton, Paul"]
[Result "1-0"]
[WhiteElo "1583"]
[BlackElo "1606"]
[PlyCount "73"]
[EventDate "2009.??.??"]
[EventType "swiss"]
[EventRounds "8"]
[EventCountry "NZL"]

1. d4 f5 2. Nf3 Nf6 3. e3 e6 4. Be2 c5 5. c3 a6 6. Ne5 g6 7. Nd2 d6 8. Nef3 Qc7
9. h3 b5 10. O-O Be7 11. c4 cxd4 12. exd4 bxc4 13. Bxc4 d5 14. Bb3 O-O 15. Ne5
Nfd7 16. Ndf3 Bd6 17. Bf4 Qd8 18. Rc1 Nxe5 19. dxe5 Be7 20. Qd2 Nd7 21. Rc6 Nc5
22. Rc1 Nxb3 23. axb3 Bd7 24. R6c3 Bb4 25. Bg5 Qe8 26. Bf6 Rf7 27. Ng5 Rxf6 28.
exf6 Qd8 29. f7+ Kf8 30. Qf4 Bxc3 31. Rxc3 h6 32. Nf3 g5 33. Qd4 Kxf7 34. Ne5+
Kg8 35. g4 fxg4 36. Nxg4 Qf8 37. Nf6+ {
and after another dozen or so more moves Black resigned} 1-0

[Event "South Island Championship 2009"]
[Site "Dunedin"]
[Date "2009.07.13"]
[Round "6.11"]
[White "Clarkson, Robert D"]
[Black "Mulligan, Allan W"]
[Result "0-1"]
[WhiteElo "1423"]
[BlackElo "1653"]
[PlyCount "100"]
[EventDate "2009.??.??"]
[EventType "swiss"]
[EventRounds "8"]
[EventCountry "NZL"]

1. d4 Nf6 2. c4 c5 3. Nf3 cxd4 4. Nxd4 e5 5. Nf5 h6 6. Bd2 Nc6 7. Nc3 d6 8. e4
g6 9. Ng3 Bg7 10. Qc1 a6 11. Be3 Ng4 12. Bd3 Nxe3 13. Qxe3 h5 14. O-O Bh6 15.
Qe1 Nd4 16. f3 Ne6 17. Nd5 Nf4 18. Nxf4 Bxf4 19. Ne2 Be3+ 20. Kh1 h4 21. Nc3
Bd4 22. Nd1 h3 23. g3 Bd7 24. Rb1 a5 25. Ne3 Bc6 26. Nc2 Bc5 27. Qc3 O-O 28.
Qd2 Kg7 29. Ne3 Bxe3 30. Qxe3 Rh8 31. f4 f5 32. Rbd1 Qd7 33. fxe5 dxe5 34. Kg1
f4 35. Qf3 Raf8 36. Bc2 Qe7 37. Qg4 Qc5+ 38. Kh1 Rf5 39. gxf4 Qxc4 40. fxe5
Rxf1+ 41. Rxf1 Qxf1+ 42. Qg1 Qxg1+ 43. Kxg1 Re8 44. Kf2 Rxe5 45. Ke3 Rg5 46.
Kf4 Rg2 47. Bb3 Rxh2 48. Bd5 Bxd5 49. exd5 Rd2 50. Ke5 h2 0-1

[Event "South Island Championship 2009"]
[Site "Dunedin"]
[Date "2009.07.13"]
[Round "6.12"]
[White "Shierlaw, Hamish"]
[Black "Rains, Edward"]
[Result "1/2-1/2"]
[WhiteElo "1373"]
[BlackElo "1312"]
[PlyCount "96"]
[EventDate "2009.??.??"]
[EventType "swiss"]
[EventRounds "8"]
[EventCountry "NZL"]

1. e4 c5 2. Nf3 Nc6 3. d4 cxd4 4. Nxd4 Nf6 5. Nc3 e5 6. Nf3 a6 7. Bc4 Bb4 8.
Bg5 h6 9. Bxf6 Qxf6 10. O-O Bxc3 11. bxc3 d6 12. Be2 O-O 13. Qd3 Rd8 14. Qe3
Rb8 15. Rfd1 Be6 16. a3 Qg6 17. Nh4 Qf6 18. Nf3 b5 19. Ne1 Qg6 20. g3 h5 21. h4
f5 22. exf5 Bxf5 23. Nd3 d5 24. Nxe5 Nxe5 25. Qxe5 Bxc2 26. Rxd5 Re8 27. Qc7
Rbc8 28. Qd7 Rcd8 29. Qxd8 Rxd8 30. Rxd8+ Kh7 31. Rd5 Qe4 32. Rxh5+ Kg6 33.
Rg5+ Kh7 34. Re1 Kg8 35. Rg4 Qc6 36. h5 Qxc3 37. Rf1 Bd3 38. Bxd3 Qxd3 39. Ra1
Qf5 40. Rh4 Kh7 41. Rc1 Qe5 42. Rd1 Qe7 43. Ra1 Qf6 44. Re1 Qf8 45. Re3 Qf6 46.
Kg2 Qc6+ 47. Kg1 Qf6 48. Kg2 Qc6+ 1/2-1/2

[Event "South Island Championship 2009"]
[Site "Dunedin"]
[Date "2009.07.14"]
[Round "7.1"]
[White "Siripornpitak, Boyd"]
[Black "Croad, Nicholas"]
[Result "0-1"]
[WhiteElo "1653"]
[BlackElo "2328"]
[PlyCount "70"]
[EventDate "2009.??.??"]
[EventType "swiss"]
[EventRounds "8"]
[EventCountry "NZL"]

1. e4 c5 2. Nf3 d6 3. c3 Nf6 4. Be2 Nc6 5. d4 cxd4 6. cxd4 Nxe4 7. d5 Qa5+ 8.
Nc3 Nxc3 9. bxc3 Nb8 10. O-O e5 11. dxe6 fxe6 12. Bg5 Nc6 13. Bc4 d5 14. Bb3
Bc5 15. Re1 O-O 16. Qd3 Qa6 17. Qxa6 bxa6 18. Be3 Bb6 19. Ba4 Ne7 20. Bxb6 axb6
21. Nd4 Rf6 22. g3 Ra7 23. f4 Rc7 24. Re3 Nf5 25. Nxf5 Rxf5 26. Rb1 b5 27. Bd1
g5 28. fxg5 Rxg5 29. Bb3 Kg7 30. Kf2 Rf5+ 31. Rf3 Rxf3+ 32. Kxf3 Rxc3+ 33. Kf4
Kf6 34. Re1 Rd3 35. g4 e5+ 0-1

[Event "South Island Championship 2009"]
[Site "Dunedin"]
[Date "2009.07.14"]
[Round "7.2"]
[White "Bennett, Hilton P"]
[Black "Fraemohs, Peter"]
[Result "1/2-1/2"]
[WhiteElo "1997"]
[BlackElo "1853"]
[PlyCount "44"]
[EventDate "2009.??.??"]
[EventType "swiss"]
[EventRounds "8"]
[EventCountry "NZL"]

1. e4 d6 2. f4 g6 3. Nf3 Bg7 4. Nc3 a6 5. d4 Bg4 6. Be2 Nc6 7. Be3 e5 8. fxe5
dxe5 9. d5 Bxf3 10. Bxf3 Nd4 11. O-O Ne7 12. Na4 O-O 13. c3 Nxf3+ 14. Qxf3 b6
15. c4 Qd7 16. Nc3 f5 17. Qh3 Qd6 18. exf5 gxf5 19. Bg5 Bf6 20. Bh6 Bg7 21. Bg5
Bf6 22. Bh6 Bg7 1/2-1/2

[Event "South Island Championship 2009"]
[Site "Dunedin"]
[Date "2009.07.14"]
[Round "7.3"]
[White "Hothersall, Rik"]
[Black "Marko, Helmut P"]
[Result "1-0"]
[WhiteElo "1837"]
[BlackElo "1847"]
[PlyCount "59"]
[EventDate "2009.??.??"]
[EventType "swiss"]
[EventRounds "8"]
[EventCountry "NZL"]

1. d4 d5 2. c4 e6 3. Nc3 Nf6 4. Nf3 Nbd7 5. Bg5 Be7 6. e3 O-O 7. Bd3 dxc4 8.
Bxc4 c5 9. O-O b6 10. Rc1 Bb7 11. Re1 a6 12. a4 Nd5 13. Bxe7 Qxe7 14. e4 Nxc3
15. bxc3 cxd4 16. cxd4 Qb4 17. Bd3 Rfc8 18. Rb1 Qa5 19. e5 Rc3 20. Bxh7+ Kxh7
21. Ng5+ Kg6 22. Ne4 f5 23. Nxc3 Qxc3 24. Rc1 Qa5 25. Rc7 Qd5 26. Qf3 Rd8 27.
Rxb7 Qa5 28. Ra1 b5 29. h4 b4 30. Qb3 1-0